Zahraničný obchod na križovatke

O exporte zo Slovenskej republiky včera, dnes a zajtra. Zásady, ktoré treba rešpektovať na zahraničných trhoch. Nové javy a zhoršené podmienky exportu od 70. a 80. rokov. Premyslené a komplexne prepracované mechanizmy na podporu exportu nevyhnutné aj u nás.

Enregistré dans:
Détails bibliographiques
Auteur principal: Valach, V.
Format: Chapitre de livre
Langue:slovaque
Sujets:
Tags: Ajouter un tag
Pas de tags, Soyez le premier à ajouter un tag!

MARC

LEADER 00000naa a2200000 4500
001 r021208
005 20230801104642.9
041 0 |a slo 
044 |a SK 
245 1 0 |a Zahraničný obchod na križovatke  |c V. Valach 
520 |a O exporte zo Slovenskej republiky včera, dnes a zajtra. Zásady, ktoré treba rešpektovať na zahraničných trhoch. Nové javy a zhoršené podmienky exportu od 70. a 80. rokov. Premyslené a komplexne prepracované mechanizmy na podporu exportu nevyhnutné aj u nás. 
610 2 0 |a Slovensko 
610 2 0 |a svet 
610 2 0 |a obchod zahraničný 
610 2 0 |a vývoz 
100 1 |a Valach, V.